|
|
|
|
| LEADER |
00000cam a2200000 a 4500 |
| 001 |
TECO-566 |
| 005 |
20230308193551.0 |
| 008 |
000000|2002 ||||||||r|||||||||||spa|| |
| 040 |
|
|
|b spa
|
| 041 |
1 |
|
|a spa
|
| 245 |
|
|
|a La Exportación de la tilapia com alternativa económica rentable, período 1995-2002
|c Amada Calle M. y Luis David Varela E. Director Carlos Jaramillo Orellana
|h dact
|
| 264 |
|
|
|a Cuenca
|c 2002
|
| 300 |
|
|
|a 100 páginas:
|b tab
|c 30 cm
|
| 502 |
|
|
|a Economista
|b Universidad de Cuenca
|c eco
|d Carlos Jaramillo Orellana, dir.
|e ECONOMIA
|
| 504 |
|
|
|a incl. ref.
|
| 650 |
|
|
|a Tesis en economia
|9 1128
|
| 650 |
|
0 |
|a Exportación
|9 12488
|
| 650 |
|
|
|a Tilapia
|9 105943
|
| 650 |
|
|
|a Rentabilidad
|9 39996
|
| 650 |
|
|
|a Exportacion de tilapia
|9 143143
|
| 700 |
1 |
|
|a Calle M., Amada
|e coautor
|9 143144
|
| 700 |
1 |
|
|a Varela E., Luis David
|e coautor
|9 143145
|
| 852 |
|
|
|a UC-CDJBV
|c CUARTO PISO (SECCION TESIS)
|f Donación
|k sara.alvarado
|m Limitada
|p 00000000
|q 1.00
|t TECO-566
|y 48910
|b 1
|d CDRC
|e CDRC
|g CUARTO PISO (SECCION TESIS)
|z 0000-00-00
|
| 942 |
|
|
|c TS
|
| 999 |
|
|
|c 83466
|d 83466
|